00256nam a2200097Ia 4500008004100000041000800041100002100049245003400070260003500104999001900139241105s9999 xx 000 0 und d aeng aSen Riti9182595 aGharta Senior Citizen Housing bFinal Year B. Arch, BNCAc2014 c360886d360886